| 000 | 00430cam a2200181ua 4500 | ||
|---|---|---|---|
| 020 | _c2.00 | ||
| 041 |
_ahin _h |
||
| 082 |
_a891.43 _bMAN/JW |
||
| 100 | _aManmathnath, Gupt . | ||
| 245 |
_aJwalamukhi / _cManmathnath Gupta. _hTextual Documents |
||
| 250 |
_a1 / _b. |
||
| 260 |
_a : _bHind Pocket Books Pvt Ltd , _c1962. |
||
| 300 | _a144 ; . | ||
| 365 | _a2.00 | ||
| 504 | _a | ||
| 942 | _cBK | ||
| 999 |
_c12685 _d12685 |
||